000 00623nam a2200277Ia 4500
005 20260324150848.0
008 008 260324s9999 xx 000 0 eng d
020 _a9781032638515
037 _aEBOOK
040 _aCRL
040 _beng
040 _cCRL
041 _2eng
041 _aeng
084 _qCRL
100 _aR H Tawney
_91227878
245 0 _aLand and Labour in China
260 _bTaylor and Francis
260 _c1932
365 _a
365 _b160
856 _uhttp://www.taylorfrancis.com/books/9781032638515
942 _cEBOOK
999 _c1838064
_d1838064